000
00255nam a2200109Ia 4500
008
190216s9999||||xx |||||||||||||| ||und||
100
_a
Ramesh Chandra Sharma
245
0
_a
Hindi-Jeevana Dersha
260
_b
Young Man & Co
650
_a
Hindi
942
_c
BK
999
_c
15272
_d
15272